Renoir

محفوظ في:
التفاصيل البيبلوغرافية
المؤلف الرئيسي: Renoir, Jean (مؤلف)
التنسيق: كتاب
اللغة:الإسبانية
منشور في: Buenos Aires Sudamericana 1964
الطبعة:1a. ed
الموضوعات:
الوسوم: إضافة وسم
لا توجد وسوم, كن أول من يضع وسما على هذه التسجيلة!

MARC

LEADER 00000cam a2200000 a 4500
001 UCE2064
003 CL-VaPUC
008 140605e19640000ag |||||||||||||||||spa|d
082 0 4 |a 750.4  |b REN  |2 21 
100 0 |a Renoir, Jean  |e author  |9 450567 
245 1 0 |a Renoir 
250 |a 1a. ed 
300 |a 385 p 
942 |c BK 
945 |d 20140605 14:22:00  |a dcastane 
260 |a Buenos Aires  |b Sudamericana  |c 1964 
650 0 |a Pintura francesa  |9 266122 
650 0 |a Pintores franceses   |9 340354 
650 7 |a IMPRESIONISMO  |2 CL-VaPUC  |9 324638 
650 0 |a Biografías  |9 255210 
583 |a last modification  |c 20140605 14:22:00  |k Rodrigo Vera 
999 |c 355741  |d 355739 
952 |0 0  |1 0  |3 erd  |4 0  |6 750_400000000000000_REN_1964  |7 0  |8 R  |9 462577  |a BIBART  |b BIBART  |i 5056535  |o 750.4 REN 1964  |p 5056535  |r 2025-03-13  |w 2019-11-23  |y BK_R  |z Catalogado en:20140605  |k ART